00558nam a2200181Ia 450000500170000000800410001708200130005810000240007124500610009526000330015630000180018965000200020765000160022765000190024394200060026295200950026899900130036320250408010010.0240331s9999 xx 000 0 und d a100bCHA aChattopadhyaya, D.P 0aInthiaththathuva yiyalil nilaithirupanavum azhinthanavum aChennaibChennai Booksc1976 aXii, 755 p ., aMathasaarpinmai apakutharivu aaribiyal nokku cL 001040708LaWERCLbWERCLcSSCd2024-03-31l0o 100 CHAp1645r2024-03-31w2024-03-31yL c676d676